000 00291nam a22001337a 4500
008 181015b xxu||||| |||| 00| 0 eng d
020 _a08061624657
041 _aeng
080 _a616.5
100 _a7
101 _aDER
245 _aClinical Dermatology
_cHabif.th.p
942 _2udc
_cBK
999 _c49696
_d49696